On This Day: September 17th II Quiz Stats

 Plays Quiz Updated Sep 17, 2018

Score 0/7 Timer 03:00
1 Play Today
Question Answer Wrong Answers
The Camp ______ Accords, establishing a framework for peace in the Middle East, are signed by Israel and Egypt.
1978
David
96.5%
James
0.9%
Peter
1%
Paul
0.9%
The New York Stock Exchange reopens for trading after the September 11 attacks, the longest closure since the ______.
2001
Great Depression
89.7%
Civil War
5.8%
Korean War
2.3%
Moon Landing
1%
Known as ‘The Red Baron’, this flying ace of the German Luftstreitkräfte wins his first aerial combat near Cambrai, France.
1916
Manfred von Richthofen
86.5%
Werner Voss
2.5%
Eddie Rickenbacker
7.2%
Max Immelmann
3.7%
The world’s first ______ roof stadium, the Civic Arena, opens in Pittsburgh, Pennsylvania.
1961
Retractable
77.5%
Tile
1.6%
Wood
0.8%
Closed
19.5%
This singer and actress is crowned Miss America, the first African-American winner in the pageant's history.
1983
Vanessa Williams
77.4%
Tyra Banks
8.4%
Halle Berry
7.6%
Vivica A. Fox
5.7%
The first version of the ______ kernel (0.01), a free operating system kernel, is released to the Internet.
1991
Linux
73%
Google
9.9%
Apple
13.6%
Amazon
2.4%
This American basketball player and coach, who has won a record 11 NBA titles as a coach, is born.
1945
Phil Jackson
49.4%
Bill Russell
13.8%
Pat Riley
19.3%
Red Auerbach
17.3%

You're not logged in!

Compare scores with friends on all Sporcle quizzes.
OR
Log In

Sporcle TV

Today on Sporcle TV


Watch our educational content, quiz creation guides, and fun videos on Sporcle TV.

Show Comments

Extras

Top Quizzes Today


Score Distribution

Your Account Isn't Verified!

In order to create a playlist on Sporcle, you need to verify the email address you used during registration. Go to your Sporcle Settings to finish the process.

Report this User

Report this user for behavior that violates our Community Guidelines.

Details: